00765pam a2200181 a 4500020001500000040000800015082002600023100002000049245004700069250001200116260012400128300005000252490002000302520019700322650001700519650001800536650002900554 a0875185495 cDLC00a971 DIL 1993 A100 Or.1 aSiy, Alexandra.14aThe Eeyou :bpeople of eastern James Bay / a1st ed. aNew York :bDillon Press ;aToronto :bMaxwell Macmillan Canada ;aNew York :bMaxwell Macmillan International,cc1993. a80 p. :bill. (some col.), col. map ;c25 cm.1 aGlobal villages aDescribes the history, language, and culture of the Eeyou, or Cree Indians, of eastern James Bay in northern Quebec and discusses how their way of life is threatened by hydroelectric projects. 0aCree Indians 1aCree Indians. 1aIndians of North America